| 000 | 00541nam a2200193 i 4500 | ||
|---|---|---|---|
| 001 | 7038 | ||
| 003 | ES-MaACL | ||
| 005 | 20230906145139.0 | ||
| 007 | t| | ||
| 008 | 900724s1983 sp ||||1| spa d | ||
| 020 | _a84-309-0976-1 | ||
| 080 | _a355.33(46) | ||
| 100 | 1 |
_aParicio, Jesus M. _989122 |
|
| 245 | 1 | 0 |
_aPara conocer a nuestros militares / _cJesus M. Paricio. |
| 260 |
_aMadrid : _bTecnos, _cD.L. 1983. |
||
| 300 |
_a165 p. ; _c18 cm. |
||
| 650 | 1 | 4 |
_aMilitares- _xEspaƱa. _915043 |
| 852 |
_aES-MaACL _jL-14187 _bR.117558 _z. - rust. |
||
| 999 |
_c7038 _d7038 |
||